| 000 | 00672nam a2200181 i 4500 | ||
|---|---|---|---|
| 001 | 142511 | ||
| 003 | ES-MaACL | ||
| 005 | 20230906200537.0 | ||
| 007 | t| | ||
| 008 | 071005s1934 sp ||||1| spa d | ||
| 100 | 1 |
_aVilanova, María. _9114777 |
|
| 245 | 1 | 4 |
_aUna pequeña relación de nuestro hermano Allan Kardec, pidiendo misericordia a Dios y al Divino Maestro, para sus hermanos terrenales _b: año 1932 / _cdictado a María Vilanova del grupo "Amor y Vida". |
| 260 |
_aBarcelona : _b[s.n.], _c1934 ( _fImp. Rubí) |
||
| 300 |
_a95 p., [1] h. de lám. ; _c16 cm. |
||
| 650 | 1 | 4 |
_aEspiritismo. _912502 |
| 700 | 1 |
_aKardec, Allan. _967552 |
|
| 852 |
_aES-MaACL _jB-8440 |
||
| 999 |
_c142511 _d142511 |
||